000
00324nam a2200121Ia 4500
008
210430s9999 xx 000 0 und d
082
_a
330.154H722 I
100
_a
K.Holden
245
_a
Introductory Mathematics for Economics and Business
_c
K.Holden
260
_a
London
_b
David
_c
2002
300
_a
511p
942
_c
BK
_2
ddc
999
_c
562644
_d
562644